00876nam a2200181 4500010001300000020003400013035001300047037001800060040001200078082002000090245005400110260005600164270006000220300018300280505019100463650002500654650001500679 aB-098550 a8185938997cRs. 2015(3 Parts) aB-098550 bCen Lib / Ret aDPLbEN a305.895433bPEO aPeople of Indiacedited by K. S. Singh... [at al] aNew DelhibAffiliated East-West Press Pvt Ltdc2002 a105 Nirmal Tower 26 Barakhamba Road bNew Delhie110040 av 12. 290 ; v 18. 125 ; v 23. xix, 514 ; v 27 (1). 490 ; v 27 (2). xl, 491-1132 ; v 27 (3). xlii, 1133-1704p ;v 28. 147 ; v 38 (pt-1) 463 ; v 38 (pt-2) xxviii, 464-1056 ;b24cm av 12. Andaman and Nicobar Islands ; v 18. Dadra and Nagar haveli ; v. 23. Haryana ; v 27 (1). Kerala ; v 27 (2). Kerala ; v 27 (3). Kerala ;v 28. Lakshadweep ; v 38 (pt. 1-2) Rajasthan aEthnology -- India.  aEthnology.